Culture Générale - Série 2561 - Statistiques

Statistiques générales
  • Ce quiz a été pris 115 fois
  • Le résultat moyen est 4 sur 10
Statistiques - réponses
Question Réponse % Correct
Dans le jeu vidéo de Nintendo, quelle est la profession de Mario Bros ? plombier
95%
Quelle est la capitale de l'Azerbaïdjan ? Bakou
78%
Qui a écrit Manon des sources en 1963 ? prénom et nom Marcel Pagnol
58%
Quelle est la capitale de la Tanzanie ? Dodoma
49%
Créature légendaire qui associe deux animaux : aigle et lion. griffon
39%
Qui fut le 1er président de la IIIe république (31 août 1871 – 24 mai 1873) ? prénom et nom Adolphe Thiers
36%
Quelle ville américaine a été fondée en 1701 par un Français : Antoine Laumet alias Antoine de Lamothe-Cadillac ? Détroit
13%
Algue brune qui a investi depuis 2011 le littoral des Caraïbes, constituant un véritable fléau écologique, économique et sanitaire - voir photo sargasse
8%
Quel est l'autre nom du chêne vert ? yeuse
7%
Acte administratif d'Église, un rescrit du Saint-Siège appelé ainsi à cause de sa brièveté bref
5%
Aucun quiz correspondant
Distribution des résultats
% des personnes avec chaque résultat
Percentile par nombre de réponses
Votre historique - résultats
Vous n’avez pas pris ce quiz